Catálogo
 En Linea

Crisis y oportunidades en América Latina / (Registro nro. 43345)

Detalles MARC
000 -CABECERA
campo de control de longitud fija 00695nam a2200169 a 4500
001 - NÚMERO DE CONTROL
campo de control 000043856
005 - FECHA Y HORA DE LA ÚLTIMA TRANSACCIÓN
campo de control 20201002045017.0
008 - DATOS DE LONGITUD FIJA--INFORMACIÓN GENERAL
campo de control de longitud fija 140507s2003 dr acd 000 0 spa d
020 ## - NÚMERO INTERNACIONAL ESTÁNDAR DEL LIBRO
Número Internacional Estándar del Libro 8460791750
040 ## - FUENTE DE LA CATALOGACIÓN
Centro catalogador/agencia de origen DO-SdBNP
Lengua de catalogación spa
Centro/agencia transcriptor BNPHU
111 2# - ENTRADA PRINCIPAL--NOMBRE DE CONGRESO/REUNIÓN
Nombre de congreso/reunión o jurisdicción como elemento de entrada Foro Eurolatinoamericano de Comunicación
Número del congreso/reunión o número de parte o sección (8:
Fecha del congreso/reunión 2002 : 11-14 nov.
Sede del congreso/Lugar de la reunión Santo Domingo )
9 (RLIN) 71723
245 10 - MENCIÓN DE TÍTULO
Título Crisis y oportunidades en América Latina /
Mención de responsabilidad, etc. prólogo Miguel Ángel Aguilar ; editado por Javier Fernández Arribas,.
260 ## - PUBLICACIÓN, DISTRIBUCIÓN, ETC.
Lugar de publicación, distribución, etc. Madrid :
Nombre del editor, distribuidor, etc. Asociación de Periodistas Europeos,
Fecha de publicación, distribución, etc. 2003.
300 ## - DESCRIPCIÓN FÍSICA
Extensión 270 p. :
Otras características físicas il.,gráf., retrs. ;
Dimensiones 24 cm.
700 12 - PUNTO DE ACCESO ADICIONAL--NOMBRE DE PERSONA
Nombre de persona Aguilar, guel Ángel
Término indicativo de función/relación pról.
9 (RLIN) 71724
700 12 - PUNTO DE ACCESO ADICIONAL--NOMBRE DE PERSONA
Nombre de persona Fernández Arribas, Javier
Término indicativo de función/relación ed.
9 (RLIN) 70667
Existencias
Estado de retiro Estado de pérdida No para préstamo Código de colección Localización permanente Ubicación/localización actual Ubicación en estantería Fecha de adquisición Número de inventario Total de préstamos Signatura topográfica completa Código de barras Fecha visto por última vez Precio válido a partir de Tipo de ítem Koha
    Excluido de préstamo Patrimonio Dominicano General General En catalogación 07.05.2014 LF1   43856-10 25.06.2020 25.06.2020 Libro y Folleto Colección Patrimonio Dominicano

Con tecnología Koha